Statistics for XBOX Minecraft Controls

Click here to take the quiz!

General Stats

  • This quiz has been taken 38 times
  • The average score is 9 of 15

Answer Stats

HintAnswer% Correct
JumpA
100%
Crafting InterfaceX
100%
InventoryY
100%
BackB
97%
Drop ItemB
97%
Use ItemLT/RT
75%
Attack/Break/Place ItemRT
72%
Move Any DirectionLeft Stick/ D-PAD
69%
Look AroundRight Stick
59%
Choose Item In HUVRB/LB
56%
FlyDouble Tap A
38%
Menu/PauseStart Button
19%
Change ViewPush Left Stick
13%
Sneak/CrouchPush Right Stick
13%
Host OptionsBack Button
9%

Score Distribution

Percentile by Number Answered

Percent of People with Each Score

Your Score History

You have not taken this quiz